[Event "PRO League Group Stage"]
[Site "chess.com INT"]
[Date "2019.02.19"]
[Round "7"]
[White "Sebag, Marie"]
[Black "Vrolijk, Liam"]
[Result "1/2-1/2"]
[WhiteTitle "GM"]
[BlackTitle "IM"]
[WhiteElo "2476"]
[BlackElo "2433"]
[WhiteTeam "Marseille Migraines"]
[BlackTeam "Amsterdam Mosquitoes"]
[WhiteFideId "617822"]
[BlackFideId "1048333"]
[EventDate "2019.01.08"]

1. e4 e5 2. Nf3 Nc6 3. Nc3 Nf6 4. d4 exd4 5. Nxd4 Bb4 6. Nxc6 bxc6 7. Bd3 O-O 8.
O-O d5 9. Bd2 Re8 10. Nxd5 Nxd5 11. exd5 Bxd2 12. Qxd2 cxd5 13. Rfe1 Be6 14. Re5
Rb8 15. b3 h6 16. Rae1 c5 17. Bf5 Qd6 18. Bxe6 Rxe6 19. Rxe6 fxe6 20. Qe3 Re8
21. f4 Qb6 22. g3 Kf7 23. Kg2 c4 24. Qe5 cxb3 25. axb3 Qb8 26. Qe3 Qc7 27. Re2
a5 28. Qd4 Qd7 29. h4 Ra8 30. f5 exf5 31. Re5 Kg8 32. Qxd5+ Qxd5+ 33. Rxd5 Rc8
34. c4 a4 35. bxa4 Rxc4 36. a5 f4 37. g4 Rc3 38. a6 Ra3 39. Rd6 Kf7 40. h5 Ke7
41. Rg6 Kf7 42. Kf2 Kf8 43. Rb6 Kf7 44. Rb7+ Kf6 45. a7 f3 46. Kg3 g6 47. Rb6+
Kg7 48. Rxg6+ Kh7 49. a8=Q Rxa8 50. Kxf3 Ra4 51. Rb6 Rc4 52. Rb7+ Kg8 53. Re7
Rd4 54. Re4 Rd1 55. Kf4 Kf7 56. Ra4 Rf1+ 57. Kg3 Rg1+ 58. Kf4 Rf1+ 59. Ke5 Re1+
60. Re4 Rxe4+ 61. Kxe4 Ke6 62. Kf3 Kf7 63. Ke3 Ke7 64. Kd3 Kf6 65. Ke4 Ke6 66.
Kd3 Kf6 67. Ke3 Ke7 68. Kd4 Kf6 69. Ke4 Ke6 70. Kf3 Kf7 71. Kg3 Kg7 72. Kg2 Kg8
73. Kf3 Kf7 74. Ke2 Ke6 75. Kd3 Kf6 76. Ke3 Ke7 1/2-1/2

[Event "PRO League Group Stage"]
[Site "chess.com INT"]
[Date "2019.02.19"]
[Round "7"]
[White "Dek, Lennart"]
[Black "Regoli, Stephane"]
[Result "1-0"]
[WhiteTitle "FM"]
[WhiteElo "2335"]
[BlackElo "2256"]
[WhiteTeam "Amsterdam Mosquitoes"]
[BlackTeam "Marseille Migraines"]
[WhiteFideId "1013114"]
[BlackFideId "615110"]
[EventDate "2019.01.08"]

1. e4 c5 2. Nf3 Nc6 3. Bb5 g6 4. Bxc6 dxc6 5. d3 Bg7 6. h3 e5 7. O-O Qe7 8. a4
Nf6 9. a5 O-O 10. Nc3 Rb8 11. Be3 b6 12. axb6 axb6 13. Qd2 Rd8 14. Nxe5 Bb7 15.
f4 Nh5 16. Qf2 Rf8 17. Nc4 Bc8 18. Nxb6 Rxb6 19. Bxc5 Qb7 20. Bxb6 Re8 21. g4
Nf6 22. Bd4 c5 23. Be5 Bxg4 24. Qh4 Qd7 25. hxg4 Nxg4 26. Bxg7 Kxg7 27. Nd5 h5
28. f5 c4 29. f6+ Kh7 30. Rf3 cxd3 31. cxd3 Qb5 32. b4 Re5 33. Raf1 Rxd5 34.
exd5 Qb6+ 35. Kh1 Qxb4 36. Qg3 Qd4 37. Rf4 Qxd5+ 38. Qg2 Qxd3 39. Rxg4 hxg4 40.
Qh2+ Kg8 41. Qb8+ Kh7 42. Qh2+ Kg8 43. Qg2 Qd4 44. Qa8+ Kh7 45. Qg2 g5 46. Qc2+
Kg8 47. Qf5 g3 48. Qxg5+ Kf8 49. Qg7+ Ke8 50. Qg8+ Kd7 51. Qxg3 Qd5+ 52. Kh2
Qh5+ 53. Qh3+ 1-0

[Event "PRO League Group Stage"]
[Site "chess.com INT"]
[Date "2019.02.19"]
[Round "7"]
[White "Moranda, Wojciech"]
[Black "Sevian, Samuel"]
[Result "1/2-1/2"]
[WhiteTitle "GM"]
[BlackTitle "GM"]
[WhiteElo "2593"]
[BlackElo "2647"]
[WhiteTeam "New York Marshalls"]
[BlackTeam "Montclair Sopranos"]
[WhiteFideId "1122401"]
[BlackFideId "2040506"]
[EventDate "2019.01.08"]

1. Nf3 Nf6 2. c4 e6 3. Nc3 d5 4. d4 dxc4 5. e3 a6 6. Bxc4 c5 7. O-O b5 8. Bb3
Bb7 9. e4 cxd4 10. Nxd4 Nc6 11. Be3 Be7 12. Nxc6 Bxc6 13. f3 O-O 14. Ne2 Rc8 15.
Rc1 Qxd1 16. Rfxd1 Bb7 17. Nd4 Rxc1 18. Rxc1 Rc8 19. Rxc8+ Bxc8 20. Nc6 Bf8 21.
a4 Bb7 22. axb5 axb5 23. Nd4 b4 24. Ba4 Bc8 25. Kf2 Nd7 26. Bb5 Bd6 27. Nc6 Ne5
28. Na7 Bb7 29. h3 h5 30. f4 Ng6 31. e5 Bf8 32. Nc6 h4 33. Nd8 Bd5 34. Be8 Nh8
35. Bc6 Bc4 36. Be4 f6 37. Bd4 fxe5 38. Bxe5 Bc5+ 39. Kf3 Nf7 40. Nxf7 Kxf7 41.
Kg4 Be7 42. Bd4 Be2+ 43. Bf3 Bd3 44. Bc6 Be2+ 45. Bf3 Bd3 46. Bc6 Be2+ 47. Bf3
Bd3 48. Bc6 1/2-1/2

[Event "PRO League Group Stage"]
[Site "chess.com INT"]
[Date "2019.02.19"]
[Round "7"]
[White "Lenderman, Aleksandr"]
[Black "Azarov, Sergei"]
[Result "1/2-1/2"]
[WhiteTitle "GM"]
[BlackTitle "GM"]
[WhiteElo "2637"]
[BlackElo "2575"]
[WhiteTeam "Montclair Sopranos"]
[BlackTeam "New York Marshalls"]
[WhiteFideId "2021285"]
[BlackFideId "13501470"]
[EventDate "2019.01.08"]

1. Nf3 Nf6 2. c4 e6 3. Nc3 Bb4 4. Qc2 O-O 5. a3 Bxc3 6. Qxc3 d6 7. d4 Nc6 8. Bg5
h6 9. Bh4 Qe7 10. e3 e5 11. d5 Nb8 12. Nd2 a5 13. b3 Nbd7 14. e4 Nc5 15. f3 Bd7
16. Be2 b6 17. Qc2 g5 18. Bf2 Nh5 19. g3 f5 20. O-O fxe4 21. fxe4 Nf6 22. b4 Na4
23. Be3 Rf7 24. Rf2 Raf8 25. Raf1 Kg7 26. Kg2 Qe8 27. Bd1 axb4 28. axb4 b5 29.
c5 Qc8 30. Kg1 Bh3 31. Re1 Ng4 32. Bxg4 Qxg4 33. Rxf7+ Rxf7 34. Qd3 h5 35. Qxb5
Nc3 36. Qd3 h4 37. Bxg5 hxg3 38. Qxg3 Ne2+ 39. Rxe2 Qxe2 40. Be3+ Bg4 41. h3
Qd1+ 42. Kg2 Qe2+ 43. Kg1 Qd1+ 44. Kg2 Qe2+ 45. Kg1 Qd1+ 1/2-1/2

[Event "PRO League Group Stage"]
[Site "chess.com INT"]
[Date "2019.02.19"]
[Round "7"]
[White "Khamrakulov, Djurabek"]
[Black "Sturt, Raven"]
[Result "1-0"]
[WhiteTitle "GM"]
[BlackTitle "IM"]
[WhiteElo "2503"]
[BlackElo "2429"]
[WhiteTeam "New York Marshalls"]
[BlackTeam "Montclair Sopranos"]
[WhiteFideId "14201143"]
[BlackFideId "2007304"]
[EventDate "2019.01.08"]

1. e4 e5 2. Nf3 Nc6 3. d4 exd4 4. Nxd4 Nf6 5. Nxc6 bxc6 6. Nc3 Bb4 7. Bd3 d5 8.
exd5 cxd5 9. O-O O-O 10. h3 h6 11. Qf3 c6 12. Bf4 Re8 13. Rad1 Qe7 14. Ne2 Bd6
15. Nd4 Bd7 16. c3 Rab8 17. b3 Bxf4 18. Qxf4 Qa3 19. Bf5 Qe7 20. Bxd7 Qxd7 21.
Nf5 Qe6 22. Rfe1 Qxe1+ 23. Rxe1 Rxe1+ 24. Kh2 Rbe8 25. Nxh6+ gxh6 26. Qxf6 R1e6
27. Qf4 R8e7 28. b4 Kg7 29. Qd4+ Kh7 30. a4 h5 31. Qh4 Kg6 32. Qg3+ Kh6 33. Qg8
f5 34. Qf8+ Kg6 35. Qg8+ Kh6 36. h4 Rg6 37. Qh8+ Rh7 38. Qf8+ Rhg7 39. g3 Re6
40. Qxf5 Rgg6 41. Qf8+ Kh7 42. Qf7+ Kh6 43. Qxa7 Rgf6 44. Qd4 Kg6 45. a5 Re4 46.
Qd2 c5 47. Qg5+ Kf7 48. Qxd5+ 1-0

[Event "PRO League Group Stage"]
[Site "chess.com INT"]
[Date "2019.02.19"]
[Round "7"]
[White "Foisor, Sabina-Francesca"]
[Black "Xu, Grant"]
[Result "0-1"]
[WhiteTitle "WGM"]
[WhiteElo "2276"]
[BlackElo "2207"]
[WhiteTeam "Montclair Sopranos"]
[BlackTeam "New York Marshalls"]
[WhiteFideId "1212915"]
[BlackFideId "2052318"]
[EventDate "2019.01.08"]

1. d4 e6 2. Nf3 Nf6 3. Bf4 c5 4. e3 cxd4 5. exd4 b6 6. Bd3 Bb7 7. O-O Be7 8.
Nbd2 O-O 9. Qe2 d6 10. h3 Nbd7 11. Rfe1 Re8 12. Rad1 h6 13. Bh2 Bf8 14. Ne4 Nxe4
15. Bxe4 Bxe4 16. Qxe4 Nf6 17. Qd3 Qd7 18. c3 b5 19. a3 a5 20. g4 g6 21. g5 Nd5
22. h4 h5 23. Nd2 Rec8 24. Ne4 Ra6 25. a4 Rb6 26. axb5 Qxb5 27. Qxb5 Rxb5 28.
Bxd6 Rxb2 29. Rb1 Rxb1 30. Rxb1 Nxc3 31. Nxc3 Bxd6 32. Ne4 Bb4 33. Nf6+ Kf8 34.
d5 exd5 35. Nxd5 Rc4 36. Kg2 Rg4+ 37. Kh3 Rd4 38. Nf6 a4 39. Rc1 Rd3+ 40. Kg2
Bc3 41. Ne4 Bb2 42. Rc7 a3 43. Ra7 Ke8 44. f3 Rd7 45. Ra8+ Ke7 46. Kf1 Rc7 47.
Ke2 Ke6 48. Kd3 Ke5 49. Nd2 Kf4 50. Ra4+ Kg3 51. Ke2 Re7+ 52. Kd3 Kf2 53. f4
Rd7+ 54. Kc2 Rd4 55. Rxd4 Bxd4 56. Kb3 Kg3 57. Ne4+ Kxf4 58. Nd6 Kg4 59. Nxf7
Kxh4 60. Kxa3 Kg4 61. Kb3 h4 62. Kc4 Bg7 63. Nd6 Kxg5 64. Kd3 h3 65. Ke2 Kf4 66.
Kf1 Bd4 67. Nf7 Kg3 68. Nh6 h2 69. Ng4 h1=Q+ 70. Ke2 Kxg4 0-1

[Event "PRO League Group Stage"]
[Site "chess.com INT"]
[Date "2019.02.19"]
[Round "7"]
[White "Vallejo Pons, Francisco"]
[Black "Andriasian, Zaven"]
[Result "1/2-1/2"]
[WhiteTitle "GM"]
[BlackTitle "GM"]
[WhiteElo "2698"]
[BlackElo "2604"]
[WhiteTeam "Barcelona Raptors"]
[BlackTeam "Armenia Eagles"]
[WhiteFideId "2205530"]
[BlackFideId "13302000"]
[EventDate "2019.01.08"]

1. d4 Nf6 2. c4 g6 3. Nc3 Bg7 4. e4 d6 5. Bg5 O-O 6. Qd2 c5 7. d5 e6 8. Nge2
exd5 9. Nxd5 Be6 10. Nec3 Nbd7 11. Be2 Re8 12. O-O Bxd5 13. exd5 a6 14. Rfe1 Qa5
15. Bf1 Rxe1 16. Rxe1 Re8 17. Bf4 Qb6 18. Rxe8+ Nxe8 19. b3 Qd8 20. Ne4 Ndf6 21.
Ng3 Nd7 22. h3 h5 23. Bg5 Bf6 24. Be3 Bg7 25. Bd3 Qe7 26. Ne4 Nef6 27. Ng5 Nh7
28. Nf3 Nhf6 29. Bf4 Ne8 30. a3 Ne5 31. Nxe5 Bxe5 32. Be3 Qf6 33. Bg5 Qg7 34. b4
Bc3 35. Qe3 Qe5 36. Qxe5 Bxe5 37. Bd8 Kf8 38. Kf1 Bb2 39. bxc5 dxc5 40. a4 Be5
41. Bb6 Bd4 42. g4 hxg4 43. hxg4 Ke7 44. Ke2 Nf6 45. f3 Nd7 46. Bc7 Be5 47. Ba5
Kd6 48. Bd2 b6 49. f4 Bd4 50. a5 bxa5 51. Bxa5 Bb2 52. Bc2 Ba3 53. Bd8 Bc1 54.
Kf3 Bd2 55. Ba4 a5 56. Ke4 Bc3 57. g5 f5+ 58. gxf6 Nxf6+ 59. Kd3 Bb2 60. Bxa5
Bc1 61. Bc3 Ng4 62. Ke4 Nf2+ 63. Kf3 Nd3 64. Bc2 Nxf4 65. Bg7 Nxd5 66. cxd5 Kxd5
67. Bxg6 Bg5 68. Bf7+ Kd6 69. Ke4 Be7 70. Be5+ Kd7 71. Kd5 c4 72. Be6+ Ke8 73.
Kxc4 Ba3 74. Kd5 Ke7 75. Bd4 Bb4 76. Bc5+ Bxc5 77. Kxc5 1/2-1/2

[Event "PRO League Group Stage"]
[Site "chess.com INT"]
[Date "2019.02.19"]
[Round "7"]
[White "Ter-Sahakyan, Samvel"]
[Black "Ponomariov, Ruslan"]
[Result "1/2-1/2"]
[WhiteTitle "GM"]
[BlackTitle "GM"]
[WhiteElo "2574"]
[BlackElo "2664"]
[WhiteTeam "Armenia Eagles"]
[BlackTeam "Barcelona Raptors"]
[WhiteFideId "13302531"]
[BlackFideId "14103320"]
[EventDate "2019.01.08"]

1. e4 e6 2. d4 d5 3. Nc3 Nf6 4. e5 Nfd7 5. f4 c5 6. Nf3 Nc6 7. Be3 cxd4 8. Nxd4
Qb6 9. Qd2 Qxb2 10. Rb1 Qa3 11. Bb5 Nxd4 12. Bxd4 a6 13. Bxd7+ Bxd7 14. Rb3 Qe7
15. Rxb7 Qd8 16. Bb6 Qh4+ 17. Bf2 Qd8 18. Bb6 Qc8 19. Rc7 Qd8 20. Qd4 Ba3 21.
Rb7 Qc8 22. Rc7 Qd8 23. Rb7 Qc8 24. Rc7 Qd8 1/2-1/2

[Event "PRO League Group Stage"]
[Site "chess.com INT"]
[Date "2019.02.19"]
[Round "7"]
[White "Diaz Camallonga, Carles"]
[Black "Gabrielian, Artur"]
[Result "1-0"]
[WhiteTitle "IM"]
[BlackTitle "GM"]
[WhiteElo "2432"]
[BlackElo "2490"]
[WhiteTeam "Barcelona Raptors"]
[BlackTeam "Armenia Eagles"]
[WhiteFideId "22235256"]
[BlackFideId "4131002"]
[EventDate "2019.01.08"]

1. e4 c5 2. Nf3 d6 3. Bb5+ Nc6 4. O-O Bd7 5. Re1 Nf6 6. h3 a6 7. Bf1 g6 8. c3
Bh6 9. d4 Bxc1 10. Qxc1 cxd4 11. cxd4 O-O 12. Nc3 Kg7 13. e5 Ne8 14. Qe3 dxe5
15. d5 Na7 16. Qxe5+ Nf6 17. Qxe7 Qxe7 18. Rxe7 Nc8 19. Ree1 Nd6 20. Rac1 Rac8
21. Ne5 Rfd8 22. g3 h5 23. Bg2 Rc5 24. Nd3 Rc7 25. Ne2 Rdc8 26. Rxc7 Rxc7 27.
Rc1 Rxc1+ 28. Ndxc1 Kf8 29. Nc3 Ke7 30. Nd3 Bf5 31. Nc5 Nd7 32. Nxd7 Kxd7 33.
Kf1 b5 34. b4 Bd3+ 35. Ke1 Bc4 36. Kd2 g5 37. g4 hxg4 38. hxg4 f6 39. Ke3 Nf7
40. Ne4 Ne5 41. Kd4 Ke7 42. a3 Nxg4 43. Bh3 Ne5 44. d6+ Kd8 45. Nxf6 Nd3 46. Ne4
Ne1 47. Nc5 Nf3+ 48. Ke4 Nd2+ 49. Ke3 Nf1+ 50. Kd4 1-0

[Event "PRO League Group Stage"]
[Site "chess.com INT"]
[Date "2019.02.19"]
[Round "7"]
[White "Sargsyan, Anna M."]
[Black "Cubas Cabrera, Angel Luis"]
[Result "1-0"]
[WhiteTitle "WFM"]
[WhiteElo "2339"]
[BlackElo "2083"]
[WhiteTeam "Armenia Eagles"]
[BlackTeam "Barcelona Raptors"]
[WhiteFideId "13308130"]
[BlackFideId "32046561"]
[EventDate "2019.01.08"]

1. d4 d5 2. c4 e6 3. Nf3 Nf6 4. Nc3 Be7 5. Bf4 O-O 6. e3 b6 7. cxd5 Nxd5 8. Nxd5
exd5 9. Bd3 c5 10. O-O Be6 11. dxc5 bxc5 12. Rc1 Nc6 13. h3 Qb6 14. b3 Rfd8 15.
Qe2 a5 16. Ne5 Nxe5 17. Bxe5 a4 18. Rb1 axb3 19. axb3 Bf8 20. f4 Bc8 21. Kh1 Ba6
22. Bxa6 Qxa6 23. Qg4 Qd3 24. f5 Kh8 25. f6 g6 26. Bf4 Ra3 27. Bc7 Rda8 28. Qd7
Kg8 29. Rbd1 Qxb3 30. Rxd5 Qxe3 31. Re5 Qd3 32. Rd1 Qxd7 33. Rxd7 Rc8 34. Bd6
Bxd6 35. Rxd6 c4 36. Rc5 Raa8 37. Rdc6 Rxc6 38. Rxc6 h5 39. Rxc4 Ra6 40. Rf4 Kh7
41. h4 Kh6 42. Kh2 g5 43. hxg5+ Kxg5 44. Rb4 Rxf6 45. Rb5+ Rf5 46. Rb8 Rf6 47.
Rb5+ Kg4 48. Rb4+ Rf4 49. Rb8 Rf5 50. Rb4+ Kg5 51. Rb3 Ra5 52. Rc3 f5 53. Rb3
Kg4 54. Rc3 f4 55. Rb3 Ra2 56. Rc3 h4 57. Rb3 Re2 58. Ra3 Re3 59. Ra8 Re5 60.
Ra3 Re3 61. Ra8 Kf5 62. Rh8 Kg4 63. Ra8 Rg3 64. Rg8+ Kf5 65. Rh8 Ke4 66. Rxh4
Ke3 67. Rh3 Kf2 68. Rxg3 fxg3+ 69. Kh3 Ke3 70. Kxg3 Ke4 71. Kg4 Ke5 72. Kg5 Ke6
73. Kg6 Ke7 74. Kg7 Ke8 75. g4 Ke7 76. g5 1-0

[Event "PRO League Group Stage"]
[Site "chess.com INT"]
[Date "2019.02.19"]
[Round "7"]
[White "Van Wely, Loek"]
[Black "Andreikin, Dmitry"]
[Result "1-0"]
[WhiteTitle "GM"]
[BlackTitle "GM"]
[WhiteElo "2622"]
[BlackElo "2725"]
[WhiteTeam "Amsterdam Mosquitoes"]
[BlackTeam "Volga Stormbringers"]
[WhiteFideId "1000268"]
[BlackFideId "4158814"]
[EventDate "2019.01.08"]

1. Nf3 b6 2. g3 Bb7 3. Bg2 g6 4. d4 Bg7 5. c4 Nf6 6. O-O O-O 7. Qc2 c5 8. d5 b5
9. e4 d6 10. Nbd2 Nfd7 11. cxb5 a6 12. bxa6 Nxa6 13. a3 Nb6 14. Rb1 c4 15. Nxc4
Nxc4 16. Qxc4 Nc5 17. b4 Na4 18. Nd4 Qd7 19. Nc6 f5 20. exf5 Rxf5 21. Re1 Bf6
22. Rb3 Nb6 23. Qb5 Qc7 24. Be3 Nd7 25. Rc1 Bxc6 26. Qxc6 Qd8 27. b5 Ne5 28. Qc7
Qf8 29. b6 Ng4 30. b7 Rb8 31. Qxb8 1-0

[Event "PRO League Group Stage"]
[Site "chess.com INT"]
[Date "2019.02.19"]
[Round "7"]
[White "Frolyanov, Dmitry"]
[Black "Spoelman, Wouter"]
[Result "1-0"]
[WhiteTitle "GM"]
[BlackTitle "GM"]
[WhiteElo "2517"]
[BlackElo "2578"]
[WhiteTeam "Volga Stormbringers"]
[BlackTeam "Amsterdam Mosquitoes"]
[WhiteFideId "4151976"]
[BlackFideId "1010891"]
[EventDate "2019.01.08"]

1. Nf3 d5 2. g3 Nf6 3. Bg2 c6 4. O-O Bf5 5. d3 e6 6. c4 Nbd7 7. Be3 h6 8. Nc3
Bd6 9. Qb3 Qb8 10. cxd5 exd5 11. Bd4 O-O 12. Rfe1 Re8 13. Rad1 Be6 14. Qc2 c5
15. Bxf6 Nxf6 16. e4 d4 17. e5 dxc3 18. exf6 cxb2 19. fxg7 Bxa2 20. Qxb2 Bd5 21.
Qf6 Re6 22. Rxe6 Bxe6 23. Qxh6 f6 24. Qxf6 Qc8 25. Ng5 Ba2 26. Qh6 1-0

[Event "PRO League Group Stage"]
[Site "chess.com INT"]
[Date "2019.02.19"]
[Round "7"]
[White "Vrolijk, Liam"]
[Black "Bryakin, Mikhail"]
[Result "1/2-1/2"]
[WhiteTitle "IM"]
[BlackTitle "FM"]
[WhiteElo "2433"]
[BlackElo "2426"]
[WhiteTeam "Amsterdam Mosquitoes"]
[BlackTeam "Volga Stormbringers"]
[WhiteFideId "1048333"]
[BlackFideId "4165314"]
[EventDate "2019.01.08"]

1. d4 d5 2. Bf4 Nf6 3. e3 c5 4. Nf3 Nc6 5. Nbd2 Qb6 6. dxc5 Qxb2 7. Rb1 Qc3 8.
Bb5 e6 9. Ne5 Bd7 10. Nd3 Be7 11. O-O O-O 12. Nb3 Rfc8 13. a4 Ne4 14. f3 Nf6 15.
a5 a6 16. Ba4 Qc4 17. Nb2 Qc3 18. Qe2 Nh5 19. Bd6 Bxd6 20. cxd6 Nf6 21. Nd3 Nxa5
22. Bxd7 Nxd7 23. Nxa5 Qxa5 24. Rxb7 Qa4 25. Qd2 Qc6 26. Qb4 Rab8 27. Rxb8 Rxb8
28. Qa3 Rb6 29. Kf2 Qxd6 30. Qxd6 Rxd6 31. Ke2 Rc6 32. Kd2 Nb6 33. Rb1 Nc4+ 34.
Ke2 g6 35. Ra1 a5 36. f4 Rb6 37. Ra2 Rb1 38. Nc5 Rg1 39. Kf2 Rd1 40. Nb3 Kg7 41.
Ke2 Rh1 42. h3 Rg1 43. Kf2 Rd1 44. Ke2 Rb1 45. Nxa5 Nd6 46. Nb3 Ne4 47. Ra7 Rg1
48. g4 Rg2+ 49. Kd3 g5 50. fxg5 Nxg5 51. Nd4 Kg6 52. h4 Ne4 53. h5+ Kf6 54. Nf3
Rxg4 55. Rxf7+ Kxf7 56. Ne5+ Kf6 57. Nxg4+ Kg5 58. Ne5 Kxh5 59. c4 Nf2+ 60. Kd4
dxc4 61. Nxc4 Ng4 62. Ne5 Nf6 63. Nf7 Kg6 64. Nd8 Kf5 65. e4+ Nxe4 66. Nxe6 Ng3
67. Ng7+ Kf6 68. Ne8+ Kf5 69. Ke3 h5 70. Ng7+ Kg5 71. Nxh5 Kxh5 1/2-1/2

[Event "PRO League Group Stage"]
[Site "chess.com INT"]
[Date "2019.02.19"]
[Round "7"]
[White "Ivlev, Aleksey"]
[Black "Dek, Lennart"]
[Result "0-1"]
[WhiteTitle "FM"]
[BlackTitle "FM"]
[WhiteElo "2326"]
[BlackElo "2335"]
[WhiteTeam "Volga Stormbringers"]
[BlackTeam "Amsterdam Mosquitoes"]
[WhiteFideId "24185949"]
[BlackFideId "1013114"]
[EventDate "2019.01.08"]

1. d4 d5 2. c4 c6 3. Nf3 Nf6 4. Nc3 a6 5. cxd5 cxd5 6. Bf4 Nc6 7. Rc1 Bg4 8. e3
Rc8 9. h3 Bxf3 10. Qxf3 e6 11. Bd3 Bd6 12. O-O Bxf4 13. Qxf4 O-O 14. Na4 Qa5 15.
b3 Nd7 16. Qh4 g6 17. Bb1 Kg7 18. Nc5 Nxc5 19. Rxc5 Qd8 20. Qf4 Qf6 21. Qg3 Qe7
22. Rfc1 Na7 23. Rc7 Qb4 24. Qe5+ Kg8 25. Kh2 Nc6 26. Qg3 Qb6 27. Rxc8 Rxc8 28.
h4 Qc7 29. Qxc7 Rxc7 30. b4 Rc8 31. a3 Na7 32. Rxc8+ Nxc8 33. Kg3 b5 34. e4 Nb6
35. exd5 exd5 36. Kf4 f6 37. h5 Kf7 38. hxg6+ hxg6 39. Ba2 Ke6 40. Ke3 Nc4+ 41.
Bxc4 dxc4 42. Kd2 Kd5 43. Kc3 Ke4 44. f3+ Kd5 45. g3 f5 46. a4 g5 47. a5 g4 48.
f4 Ke4 49. Kd2 Kxd4 50. Kc2 Ke3 51. Kc3 Kf3 52. Kd4 Kxg3 53. Kc5 c3 54. Kb6 c2
55. Kxa6 c1=Q 56. Kb7 Qa3 57. a6 Qxb4 58. a7 Qa5 59. a8=Q Qxa8+ 60. Kxa8 Kxf4 0-1

[Event "PRO League Group Stage"]
[Site "chess.com INT"]
[Date "2019.02.19"]
[Round "7"]
[White "Andriasian, Zaven"]
[Black "Moranda, Wojciech"]
[Result "0-1"]
[WhiteTitle "GM"]
[BlackTitle "GM"]
[WhiteElo "2604"]
[BlackElo "2593"]
[WhiteTeam "Armenia Eagles"]
[BlackTeam "New York Marshalls"]
[WhiteFideId "13302000"]
[BlackFideId "1122401"]
[EventDate "2019.01.08"]

1. e4 d6 2. d4 Nf6 3. Nc3 e5 4. Nf3 Nbd7 5. Bc4 Be7 6. O-O O-O 7. a4 a5 8. Re1
c6 9. h3 h6 10. b3 exd4 11. Nxd4 Ne5 12. Bf1 Re8 13. Be3 Bf8 14. f4 Ng6 15. Bd3
Nd7 16. Qf3 Nc5 17. Rad1 Qf6 18. Nde2 Nxd3 19. Rxd3 Qe7 20. Ng3 Nh4 21. Qf2 f5
22. Bd4 Qf7 23. Rdd1 Bd7 24. Re2 fxe4 25. Ncxe4 d5 26. Nc3 Rxe2 27. Ncxe2 Re8
28. Rf1 Nf5 29. Nxf5 Bxf5 30. Ng3 Bd6 31. Qd2 Qg6 32. Rf3 Bxc2 33. f5 Qg5 34.
Qc3 Be4 35. Nxe4 dxe4 36. Rf1 e3 37. f6 gxf6 38. Bxf6 Qd5 39. Qc2 Qe4 40. Qe2
Rf8 41. Rf3 Kh7 42. Kh1 Kg6 43. Bc3 Qb1+ 44. Be1 Rxf3 45. gxf3 Bb4 46. Qg2+ Kf7 0-1

[Event "PRO League Group Stage"]
[Site "chess.com INT"]
[Date "2019.02.19"]
[Round "7"]
[White "Azarov, Sergei"]
[Black "Ter-Sahakyan, Samvel"]
[Result "1/2-1/2"]
[WhiteTitle "GM"]
[BlackTitle "GM"]
[WhiteElo "2575"]
[BlackElo "2574"]
[WhiteTeam "New York Marshalls"]
[BlackTeam "Armenia Eagles"]
[WhiteFideId "13501470"]
[BlackFideId "13302531"]
[EventDate "2019.01.08"]

1. e4 e5 2. Nf3 Nf6 3. Nxe5 d6 4. Nf3 Nxe4 5. d4 d5 6. Bd3 Bd6 7. O-O O-O 8. c4
c6 9. Re1 Bf5 10. cxd5 cxd5 11. Nc3 Nxc3 12. bxc3 Bxd3 13. Qxd3 Nd7 14. Bg5 Qc7
15. Be7 Rfe8 16. Ng5 g6 17. Qf3 Bxh2+ 18. Kh1 Bf4 19. Qxd5 Bxg5 20. Qxg5 Qxc3
21. Rad1 Qc2 22. Kg1 Qf5 23. Qg3 Qd5 24. a4 Rac8 25. a5 Rc6 26. Re3 Re6 27. Rxe6
Qxe6 28. Bg5 Qd5 29. Qc7 Nf8 30. Bf6 Nd7 31. Bg5 Kg7 32. Qf4 f6 33. Bh6+ Kf7 34.
Qg4 Re4 35. Qf3 b6 36. axb6 axb6 37. Be3 Qf5 38. Qe2 Qd5 39. Qf3 Qf5 40. Qe2 Qd5
41. Qf3 Qf5 42. Qe2 Qd5 43. Qf3 Qf5 44. Qe2 Qd5 45. Qf3 1/2-1/2

[Event "PRO League Group Stage"]
[Site "chess.com INT"]
[Date "2019.02.19"]
[Round "7"]
[White "Gabrielian, Artur"]
[Black "Khamrakulov, Djurabek"]
[Result "1-0"]
[WhiteTitle "GM"]
[BlackTitle "GM"]
[WhiteElo "2490"]
[BlackElo "2503"]
[WhiteTeam "Armenia Eagles"]
[BlackTeam "New York Marshalls"]
[WhiteFideId "4131002"]
[BlackFideId "14201143"]
[EventDate "2019.01.08"]

1. e4 c6 2. d4 d5 3. Nd2 dxe4 4. Nxe4 Bf5 5. Ng3 Bg6 6. c3 e6 7. Nh3 h6 8. Nf4
Bh7 9. Bd3 Bxd3 10. Nxd3 Nd7 11. O-O Qc7 12. Bf4 Bd6 13. Bxd6 Qxd6 14. Ne4 Qc7
15. Qg4 Rh7 16. Ne5 Ngf6 17. Nxf6+ Nxf6 18. Qf3 O-O-O 19. a4 Rf8 20. a5 a6 21.
Rfe1 h5 22. h3 h4 23. c4 Rh5 24. b4 Rf5 25. Qe3 g5 26. b5 Rf4 27. bxc6 bxc6 28.
Rab1 Nd7 29. Nxd7 Qxd7 30. d5 Qc7 31. Rb6 Rxc4 32. dxc6 Qf4 33. Qb3 Rc1 34. Kf1
Rd8 35. Qe3 Rxe1+ 36. Kxe1 Qc4 37. Rb8+ 1-0

[Event "PRO League Group Stage"]
[Site "chess.com INT"]
[Date "2019.02.19"]
[Round "7"]
[White "Xu, Grant"]
[Black "Sargsyan, Anna M."]
[Result "1-0"]
[BlackTitle "WFM"]
[WhiteElo "2207"]
[BlackElo "2339"]
[WhiteTeam "New York Marshalls"]
[BlackTeam "Armenia Eagles"]
[WhiteFideId "2052318"]
[BlackFideId "13308130"]
[EventDate "2019.01.08"]

1. e4 c6 2. d4 d5 3. Nc3 dxe4 4. Nxe4 Bf5 5. Ng3 Bg6 6. h4 h6 7. Nf3 e6 8. h5
Bh7 9. Bd3 Bxd3 10. Qxd3 Nf6 11. Bf4 Bd6 12. Bxd6 Qxd6 13. O-O-O Nbd7 14. Kb1
O-O-O 15. c4 Kb8 16. Ne4 Nxe4 17. Qxe4 Nf6 18. Qe2 Nd7 19. Rh4 f5 20. Rhh1 Rhe8
21. Rhe1 Qf4 22. g3 Qc7 23. Qc2 Nf6 24. Rh1 Ne4 25. Rd3 e5 26. Nxe5 Rxe5 27.
dxe5 Rxd3 28. Qxd3 Nxf2 29. Qxf5 Nxh1 30. Qf8+ Qc8 31. Qxg7 Qf5+ 32. Kc1 Nf2 33.
e6 Ne4 34. Qg8+ Kc7 35. Qf7+ Qxf7 36. exf7 1-0